Satires and personal writings / (Record no. 9294)
[ view plain ]
| 000 -LEADER | |
|---|---|
| fixed length control field | 00747cam a22002291a 4500 |
| 001 - CONTROL NUMBER | |
| JCCL Control Number | 9294 |
| 003 - CONTROL NUMBER IDENTIFIER | |
| JCCL marc code | BD-JhCC |
| 005 - DATE AND TIME OF LATEST TRANSACTION | |
| control field | 20180319083910.0 |
| 008 - FIXED-LENGTH DATA ELEMENTS--GENERAL INFORMATION | |
| fixed length control field | 900409r1932uuuunyu 000 0 eng |
| 035 ## - SYSTEM CONTROL NUMBER | |
| system control number | (BD-JhCC)9294 |
| 040 ## - CATALOGING SOURCE | |
| Original cataloging agency | DLC |
| Transcribing agency | GMarK |
| Modifying agency | OClW |
| -- | KyFkAS |
| -- | DLC |
| -- | BD-JhCC |
| 041 ## - LANGUAGE CODE | |
| Language code of Book | eng |
| 050 00 - LIBRARY OF CONGRESS CALL NUMBER | |
| Classification number | PR3721 |
| Item number | .E4 |
| 082 ## - DEWEY DECIMAL CLASSIFICATION NUMBER | |
| Author mark and Year | SWI 1932 |
| Classification number | 804 |
| 100 1# - MAIN ENTRY--PERSONAL NAME | |
| Personal name | Swift, Jonathan, |
| Dates associated with a name | 1667-1745. |
| 245 10 - TITLE STATEMENT | |
| Title | Satires and personal writings / |
| Statement of responsibility, etc | by Jonathan Swift, edited with introduction and notes by William Alfred Eddy. |
| 260 ## - PUBLICATION, DISTRIBUTION, ETC. (IMPRINT) | |
| Place of publication, distribution, etc | New York, |
| Name of publisher, distributor, etc | Oxford university press, |
| Date of publication, distribution, etc | 1932 |
| Date of manufacture | (1937 printing). |
| 300 ## - PHYSICAL DESCRIPTION | |
| Pagination | xxxii, 499 p. |
| Other physical details | front. (port.) |
| Dimensions | 19 cm. |
| 700 1# - ADDED ENTRY--PERSONAL NAME | |
| Personal name | Eddy, William A. |
| Fuller form of name | (William Alfred), |
| Dates associated with a name | 1896- |
| 942 ## - ADDED ENTRY ELEMENTS (KOHA) | |
| Source of classification or shelving scheme | Dewey Decimal Classification |
| Koha item type | Books |
| Source of classification or shelving scheme | Damaged status | Not for loan | Home library | Current library | Shelving location | Total Checkouts | Full call number | Barcode | Date last seen | Copy number | Koha item type |
|---|---|---|---|---|---|---|---|---|---|---|---|
| Dewey Decimal Classification | JCC Rouf Library | JCC Rouf Library | General Stacks | 804 SWI 1932 | 12241 | 03/12/2018 | C - 1 | Books | |||
| Dewey Decimal Classification | JCC Rouf Library | JCC Rouf Library | General Stacks | 804 SWI 1932 | 12445 | 03/12/2018 | C - 2 | Books |